| 000 | 00472cam a2200205ua 4500 | ||
|---|---|---|---|
| 001 | 8551 | ||
| 008 | 150206n ii |||gr||||Z||||||eng | ||
| 020 | _a0706987802 | ||
| 040 | _cMAIN | ||
| 041 | _aeng | ||
| 082 | _a420 | ||
| 100 |
_aWrenn, C. L., _eAuthor. |
||
| 245 |
_aEnglish language _cBy C. L. Wrenn |
||
| 250 | _a1st. | ||
| 260 |
_aNew Delhi: _bVikas, _c1994. |
||
| 300 | _a236p. | ||
| 653 | _aEnglish & Old English | ||
| 653 | _aEnglish language | ||
| 942 | _cBK | ||
| 999 |
_c7652 _d7652 |
||